000
00327pab a2200145 454500
008
180718b2001 xxu||||| |||| 00| 0 eng d
100
_a
Bawa, P.S.
245
_a
Enemies of good policing
260
_c
2001
300
_a
p.35-39
362
_a
Apr-Jun
650
_a
Police
773
_a
Indian Police Journal
909
_a
51752
999
_c
51752
_d
51752